000 00799nam a22002177a 4500
005 20240530110519.0
008 160213s2011 ua a g 000 0 ara d
017 _a2011/19439
_bمصر . دار الكتب المصرية
020 _a9789775023070
040 _aEG-CaGPL
082 0 4 _221
_a812.0514\
_bف م
100 0 _aفكرى النقاش .
245 1 0 _aمقتل عثمان :
_bنص درامى للقراءة : مشاهد و حوارات من زمن الفتنة /
_cفكرى النقاش .
250 _aط1.
260 _aالقاهرة :
_bدار كتابات ،
_c2011 .
300 _a185 ص ؛
_c20 سم .
650 0 4 _aالمسرحيات العربية .
650 0 4 _aالمسرحيات التاريخية .
942 _2ddc
_cBK
999 _c61843
_d61843